[Event "2nd Easter 4NCL Congress"]
[Site "Daventry"]
[Date "2022.04.16"]
[Round "3"]
[Board "8"]
[White "Mason, Donald J"]
[Black "Stubbs, Oliver"]
[Result "1-0"]
[WhiteElo "2152"]
[BlackElo "2101"]
[PlyCount "0"]
[EventDate "2022.04.15"]
[EventRounds "7"]
[EventCountry "ENG"]

1. e4 {[%clk 01:30:57]} {[%emt 00:00:03]} e6 {[%clk 01:30:02]} {[%emt
00:00:59]} 2. d4 {[%clk 01:31:20]} {[%emt 00:00:06]} d5 {[%clk 01:30:30]}
{[%emt 00:00:04]} 3. e5 {[%clk 01:31:44]} {[%emt 00:00:05]} c5 {[%clk
01:30:55]} {[%emt 00:00:05]} 4. c3 {[%clk 01:32:08]} {[%emt 00:00:06]} Nc6
{[%clk 01:31:22]} {[%emt 00:00:03]} 5. Nf3 {[%clk 01:32:30]} {[%emt 00:00:07]}
Qb6 {[%clk 01:31:46]} {[%emt 00:00:07]} 6. Bd3 {[%clk 01:32:39]} {[%emt
00:00:21]} cxd4 {[%clk 01:32:09]} {[%emt 00:00:08]} 7. O-O {[%clk 01:32:26]}
{[%emt 00:00:42]} Bd7 {[%clk 01:32:24]} {[%emt 00:00:16]} 8. Re1 {[%clk
01:32:29]} {[%emt 00:00:26]} Rc8 {[%clk 01:28:06]} {[%emt 00:04:49]} 9. a3
{[%clk 01:03:58]} {[%emt 00:29:00]} dxc3 {[%clk 01:11:58]} {[%emt 00:16:37]} 10.
Nxc3 {[%clk 01:04:26]} {[%emt 00:00:03]} Na5 {[%clk 01:12:06]} {[%emt
00:00:23]} 11. Be3 {[%clk 00:40:39]} {[%emt 00:24:15]} Qxb2 {[%clk 00:46:02]}
{[%emt 00:26:35]} 12. Nb5 {[%clk 00:40:17]} {[%emt 00:00:52]} Qb3 {[%clk
00:36:57]} {[%emt 00:09:35]} 13. Nxa7 {[%clk 00:29:54]} {[%emt 00:10:52]} Qxd1
{[%clk 00:37:10]} {[%emt 00:00:17]} 14. Rexd1 {[%clk 00:30:06]} {[%emt
00:00:19]} Ra8 {[%clk 00:33:41]} {[%emt 00:03:59]} 15. Nb5 {[%clk 00:28:50]}
{[%emt 00:01:45]} Bxb5 {[%clk 00:26:43]} {[%emt 00:07:29]} 16. Bxb5+ {[%clk
00:29:17]} {[%emt 00:00:03]} Nc6 {[%clk 00:27:01]} {[%emt 00:00:11]} 17. Rdc1
{[%clk 00:20:18]} {[%emt 00:09:29]} Nge7 {[%clk 00:21:03]} {[%emt 00:06:30]} 18.
Nd4 {[%clk 00:15:31]} {[%emt 00:05:16]} Kd7 {[%clk 00:19:14]} {[%emt 00:02:19]}
19. a4 {[%clk 00:14:59]} {[%emt 00:01:02]} f6 {[%clk 00:17:03]} {[%emt
00:02:42]} 20. f4 {[%clk 00:11:24]} {[%emt 00:04:04]} Rc8 {[%clk 00:16:58]}
{[%emt 00:00:36]} 21. a5 {[%clk 00:10:56]} {[%emt 00:00:58]} fxe5 {[%clk
00:04:55]} {[%emt 00:12:33]} 22. fxe5 {[%clk 00:11:24]} {[%emt 00:00:02]} Nf5
{[%clk 00:03:19]} {[%emt 00:02:06]} 23. Nxf5 {[%clk 00:09:36]} {[%emt
00:02:18]} exf5 {[%clk 00:03:41]} {[%emt 00:00:08]} 24. a6 {[%clk 00:09:55]}
{[%emt 00:00:10]} b6 {[%clk 00:01:29]} {[%emt 00:02:43]} 25. Rxc6 {[%clk
00:07:54]} {[%emt 00:02:31]} Rxc6 {[%clk 00:00:46]} {[%emt 00:01:12]} 26. a7
{[%clk 00:08:00]} {[%emt 00:00:24]} Bc5 {[%clk 00:00:43]} {[%emt 00:00:34]} 27.
Bxc5 {[%clk 00:07:41]} {[%emt 00:00:49]} bxc5 {[%clk 00:00:38]} {[%emt
00:00:35]} 28. a8=Q {[%clk 00:07:27]} {[%emt 00:00:43]} Rxa8 {[%clk 00:01:03]}
{[%emt 00:00:06]} 29. Rxa8 {[%clk 00:07:50]} {[%emt 00:00:07]} Kc7 {[%clk
00:01:24]} {[%emt 00:00:08]} 30. Ra7+ {[%clk 00:06:48]} {[%emt 00:01:32]} Kb6
{[%clk 00:01:45]} {[%emt 00:00:10]} 31. Bxc6 {[%clk 00:07:03]} {[%emt
00:00:14]} Kxc6 {[%clk 00:01:31]} {[%emt 00:00:45]} 32. e6 {[%clk 00:07:26]}
{[%emt 00:00:07]}  1-0

[Event "2nd Easter 4NCL Congress"]
[Site "Daventry"]
[Date "2022.04.16"]
[Round "3"]
[Board "9"]
[White "Gordon, Frederick"]
[Black "James, Russell A"]
[Result "1/2-1/2"]
[WhiteElo "1829"]
[BlackElo "2140"]
[PlyCount "0"]
[EventDate "2022.04.15"]
[EventRounds "7"]
[EventCountry "ENG"]

1. e4 {[%clk 01:30:58]} {[%emt 00:00:01]} c5 {[%clk 01:23:23]} {[%emt
00:07:37]} 2. Nf3 {[%clk 01:31:15]} {[%emt 00:00:13]} d6 {[%clk 01:23:38]}
{[%emt 00:00:15]} 3. Bb5+ {[%clk 01:31:40]} {[%emt 00:00:06]} Bd7 {[%clk
01:23:50]} {[%emt 00:00:17]} 4. Bxd7+ {[%clk 01:31:59]} {[%emt 00:00:12]} Nxd7
{[%clk 01:24:11]} {[%emt 00:00:08]} 5. O-O {[%clk 01:32:11]} {[%emt 00:00:19]}
Ngf6 {[%clk 01:24:09]} {[%emt 00:00:30]} 6. Re1 {[%clk 01:32:25]} {[%emt
00:00:18]} e6 {[%clk 01:23:43]} {[%emt 00:00:55]} 7. c3 {[%clk 01:32:46]}
{[%emt 00:00:10]} Be7 {[%clk 01:23:34]} {[%emt 00:00:38]} 8. d4 {[%clk
01:33:07]} {[%emt 00:00:09]} O-O {[%clk 01:23:29]} {[%emt 00:00:34]} 9. a4
{[%clk 01:33:05]} {[%emt 00:00:33]} Rc8 {[%clk 01:19:17]} {[%emt 00:04:42]} 10.
Nbd2 {[%clk 01:31:27]} {[%emt 00:02:08]} cxd4 {[%clk 01:14:43]} {[%emt
00:05:03]} 11. cxd4 {[%clk 01:31:39]} {[%emt 00:00:17]} Qc7 {[%clk 01:09:08]}
{[%emt 00:06:07]} 12. b3 {[%clk 01:28:55]} {[%emt 00:03:14]} d5 {[%clk
00:50:17]} {[%emt 00:19:22]} 13. e5 {[%clk 01:29:08]} {[%emt 00:00:17]} Ne4
{[%clk 00:50:00]} {[%emt 00:00:46]} 14. Nxe4 {[%clk 01:29:09]} {[%emt
00:00:29]} dxe4 {[%clk 00:50:25]} {[%emt 00:00:05]} 15. Rxe4 {[%clk 01:29:18]}
{[%emt 00:00:20]} Qc2 {[%clk 00:47:09]} {[%emt 00:03:47]} 16. Qxc2 {[%clk
01:19:14]} {[%emt 00:10:34]} Rxc2 {[%clk 00:47:02]} {[%emt 00:00:36]} 17. Rb1
{[%clk 01:18:46]} {[%emt 00:00:59]} Rfc8 {[%clk 00:41:56]} {[%emt 00:05:36]} 18.
Bd2 {[%clk 01:18:21]} {[%emt 00:00:55]} Nb6 {[%clk 00:38:49]} {[%emt 00:03:36]}
19. Ree1 {[%clk 01:15:57]} {[%emt 00:02:55]} Ba3 {[%clk 00:18:35]} {[%emt
00:20:45]} 20. Red1 {[%clk 01:12:32]} {[%emt 00:03:55]} Nd5 {[%clk 00:11:50]}
{[%emt 00:07:14]} 21. Ne1 {[%clk 01:09:24]} {[%emt 00:03:38]} Ra2 {[%clk
00:08:53]} {[%emt 00:03:27]} 22. Nd3 {[%clk 01:08:34]} {[%emt 00:01:20]} Rcc2
{[%clk 00:08:19]} {[%emt 00:01:04]} 23. Be1 {[%clk 01:08:29]} {[%emt 00:00:34]}
h5 {[%clk 00:06:20]} {[%emt 00:02:30]} 24. h4 {[%clk 01:07:10]} {[%emt
00:01:49]} Kh7 {[%clk 00:05:25]} {[%emt 00:01:24]} 25. Ra1 {[%clk 01:05:36]}
{[%emt 00:02:05]} Kg6 {[%clk 00:04:35]} {[%emt 00:01:21]} 26. Rxa2 {[%clk
01:04:34]} {[%emt 00:01:33]} Rxa2 {[%clk 00:04:58]} {[%emt 00:00:06]} 27. Rd2
{[%clk 01:01:51]} {[%emt 00:03:13]} Ra1 {[%clk 00:04:46]} {[%emt 00:00:41]} 28.
Kf1 {[%clk 01:00:15]} {[%emt 00:02:07]} Kf5 {[%clk 00:02:59]} {[%emt 00:02:16]}
29. Ke2 {[%clk 00:59:54]} {[%emt 00:00:51]} Nc3+ {[%clk 00:03:14]} {[%emt
00:00:16]} 30. Kf3 {[%clk 00:57:49]} {[%emt 00:02:35]} Nd5 {[%clk 00:01:32]}
{[%emt 00:02:11]} 31. Rc2 {[%clk 00:57:16]} {[%emt 00:01:03]} Be7 {[%clk
00:01:20]} {[%emt 00:00:42]} 32. g3 {[%clk 00:57:30]} {[%emt 00:00:17]} Rb1
{[%clk 00:00:54]} {[%emt 00:00:55]} 33. Rb2 {[%clk 00:57:37]} {[%emt 00:00:24]}
Rd1 {[%clk 00:01:07]} {[%emt 00:00:17]} 34. Ke2 {[%clk 00:57:59]} {[%emt
00:00:08]} Ra1 {[%clk 00:01:28]} {[%emt 00:00:09]} 35. f3 {[%clk 00:57:38]}
{[%emt 00:00:51]} f6 {[%clk 00:01:47]} {[%emt 00:00:10]} 36. a5 {[%clk
00:56:02]} {[%emt 00:02:07]} fxe5 {[%clk 00:01:14]} {[%emt 00:01:03]} 37. dxe5
{[%clk 00:55:29]} {[%emt 00:01:02]} g5 {[%clk 00:01:06]} {[%emt 00:00:38]} 38.
hxg5 {[%clk 00:55:52]} {[%emt 00:00:08]} Bxg5 {[%clk 00:00:53]} {[%emt
00:00:42]} 39. b4 {[%clk 00:55:06]} {[%emt 00:01:16]} b6 {[%clk 00:00:46]}
{[%emt 00:00:37]} 40. axb6 {[%clk 00:55:04]} {[%emt 00:00:32]} axb6 {[%clk
00:01:10]} {[%emt 00:00:06]} 41. Rc2 {[%clk 00:53:12]} {[%emt 00:02:23]} Ra3
{[%clk 00:00:52]} {[%emt 00:00:48]} 42. Rb2 {[%clk 00:48:33]} {[%emt 00:05:09]}
Be7 {[%clk 00:00:56]} {[%emt 00:00:25]} 43. Bd2 {[%clk 00:48:09]} {[%emt
00:00:54]} Ra1 {[%clk 00:01:11]} {[%emt 00:00:15]} 44. Rc2 {[%clk 00:45:57]}
{[%emt 00:02:43]} Ra4 {[%clk 00:01:08]} {[%emt 00:00:32]} 45. Rc4 {[%clk
00:45:42]} {[%emt 00:00:46]} Ra2 {[%clk 00:01:13]} {[%emt 00:00:25]} 46. Kd1
{[%clk 00:42:10]} {[%emt 00:04:02]} b5 {[%clk 00:01:21]} {[%emt 00:00:21]} 47.
g4+ {[%clk 00:42:11]} {[%emt 00:00:29]} hxg4 {[%clk 00:01:26]} {[%emt
00:00:25]} 48. fxg4+ {[%clk 00:42:34]} {[%emt 00:00:07]} Kg6 {[%clk 00:01:51]}
{[%emt 00:00:05]} 49. Rc6 {[%clk 00:40:18]} {[%emt 00:02:47]} Kf7 {[%clk
00:02:09]} {[%emt 00:00:12]} 50. Nc5 {[%clk 00:37:01]} {[%emt 00:03:47]} Ra1+
{[%clk 00:01:46]} {[%emt 00:00:52]} 51. Kc2 {[%clk 00:36:59]} {[%emt 00:00:32]}
Rg1 {[%clk 00:01:47]} {[%emt 00:00:29]} 52. g5 {[%clk 00:32:51]} {[%emt
00:04:38]} Bxg5 {[%clk 00:02:02]} {[%emt 00:00:15]} 53. Nxe6 {[%clk 00:32:03]}
{[%emt 00:01:18]} Bxd2 {[%clk 00:01:45]} {[%emt 00:00:48]} 54. Kxd2 {[%clk
00:32:21]} {[%emt 00:00:12]} Rg2+ {[%clk 00:01:39]} {[%emt 00:00:35]} 55. Ke1
{[%clk 00:31:36]} {[%emt 00:01:15]} Nxb4 {[%clk 00:01:19]} {[%emt 00:00:50]} 56.
Rd6 {[%clk 00:31:51]} {[%emt 00:00:16]} Nc2+ {[%clk 00:01:12]} {[%emt
00:00:36]} 57. Kf1 {[%clk 00:31:44]} {[%emt 00:00:37]}  1/2-1/2

[Event "2nd Easter 4NCL Congress"]
[Site "Daventry"]
[Date "2022.04.16"]
[Round "3"]
[Board "10"]
[White "Shearsby, Jude"]
[Black "Burrows, Martin P"]
[Result "0-1"]
[WhiteElo "2053"]
[BlackElo "2214"]
[PlyCount "0"]
[EventDate "2022.04.15"]
[EventRounds "7"]
[EventCountry "ENG"]

1. e4 {[%clk 01:30:48]} {[%emt 00:00:11]} c5 {[%clk 01:30:42]} {[%emt
00:00:18]} 2. Nf3 {[%clk 01:31:08]} {[%emt 00:00:10]} d6 {[%clk 01:30:59]}
{[%emt 00:00:13]} 3. c3 {[%clk 01:31:31]} {[%emt 00:00:06]} Nf6 {[%clk
01:31:19]} {[%emt 00:00:11]} 4. h3 {[%clk 01:31:55]} {[%emt 00:00:06]} g6
{[%clk 01:31:10]} {[%emt 00:00:40]} 5. Bd3 {[%clk 01:32:20]} {[%emt 00:00:05]}
Bg7 {[%clk 01:31:25]} {[%emt 00:00:15]} 6. Bc2 {[%clk 01:32:38]} {[%emt
00:00:10]} O-O {[%clk 01:30:04]} {[%emt 00:01:52]} 7. O-O {[%clk 01:32:49]}
{[%emt 00:00:18]} e5 {[%clk 01:30:11]} {[%emt 00:00:25]} 8. d4 {[%clk
01:32:50]} {[%emt 00:00:29]} cxd4 {[%clk 01:30:25]} {[%emt 00:00:15]} 9. cxd4
{[%clk 01:33:12]} {[%emt 00:00:08]} exd4 {[%clk 01:30:41]} {[%emt 00:00:15]} 10.
Nxd4 {[%clk 01:33:34]} {[%emt 00:00:08]} Nc6 {[%clk 01:30:53]} {[%emt
00:00:18]} 11. Nc3 {[%clk 01:33:01]} {[%emt 00:01:03]} Nxe4 {[%clk 01:17:25]}
{[%emt 00:13:58]} 12. Nxc6 {[%clk 01:33:09]} {[%emt 00:00:22]} Nxc3 {[%clk
01:17:43]} {[%emt 00:00:12]} 13. Nxd8 {[%clk 01:33:21]} {[%emt 00:00:17]} Nxd1
{[%clk 01:18:07]} {[%emt 00:00:06]} 14. Nxf7 {[%clk 01:32:52]} {[%emt
00:01:00]} Nxb2 {[%clk 01:09:47]} {[%emt 00:08:50]} 15. Nxd6 {[%clk 01:32:05]}
{[%emt 00:01:18]} Nc4 {[%clk 00:56:19]} {[%emt 00:13:57]} 16. Nxc4 {[%clk
01:30:09]} {[%emt 00:02:26]} Bxa1 {[%clk 00:56:37]} {[%emt 00:00:11]} 17. Ba3
{[%clk 01:29:59]} {[%emt 00:00:40]} Bg7 {[%clk 00:53:44]} {[%emt 00:03:23]} 18.
Bxf8 {[%clk 01:29:55]} {[%emt 00:00:33]} Kxf8 {[%clk 00:53:58]} {[%emt
00:00:18]} 19. Re1 {[%clk 01:28:58]} {[%emt 00:01:26]} b5 {[%clk 00:50:56]}
{[%emt 00:03:32]} 20. Nd6 {[%clk 01:25:48]} {[%emt 00:03:40]} Bd7 {[%clk
00:51:06]} {[%emt 00:00:20]} 21. Bb3 {[%clk 01:24:12]} {[%emt 00:02:06]} a5
{[%clk 00:46:51]} {[%emt 00:04:44]} 22. Rc1 {[%clk 01:11:12]} {[%emt 00:13:31]}
Ra6 {[%clk 00:42:45]} {[%emt 00:04:36]} 23. Nb7 {[%clk 01:10:01]} {[%emt
00:01:42]} a4 {[%clk 00:28:59]} {[%emt 00:14:16]} 24. Bd1 {[%clk 01:01:38]}
{[%emt 00:08:52]} Rc6 {[%clk 00:26:42]} {[%emt 00:02:47]} 25. Rxc6 {[%clk
00:46:15]} {[%emt 00:15:53]} Bxc6 {[%clk 00:27:09]} {[%emt 00:00:04]} 26. Bf3
{[%clk 00:46:38]} {[%emt 00:00:06]} Bxf3 {[%clk 00:20:11]} {[%emt 00:07:28]} 27.
gxf3 {[%clk 00:46:40]} {[%emt 00:00:27]} b4 {[%clk 00:20:30]} {[%emt 00:00:12]}
28. Nc5 {[%clk 00:44:52]} {[%emt 00:02:19]} b3 {[%clk 00:20:42]} {[%emt
00:00:18]} 29. axb3 {[%clk 00:45:19]} {[%emt 00:00:03]} a3 {[%clk 00:21:06]}
{[%emt 00:00:06]} 30. b4 {[%clk 00:45:48]} a2 {[%clk 00:21:25]} {[%emt
00:00:11]} 31. Nb3 {[%clk 00:46:17]} a1=Q+ {[%clk 00:21:46]} {[%emt 00:00:09]}
32. Nxa1 {[%clk 00:46:39]} {[%emt 00:00:08]} Bxa1 {[%clk 00:22:13]} {[%emt
00:00:03]} 33. Kg2 {[%clk 00:46:48]} {[%emt 00:00:21]} Kf7 {[%clk 00:22:27]}
{[%emt 00:00:16]} 34. Kg3 {[%clk 00:46:57]} {[%emt 00:00:19]} Bd4 {[%clk
00:22:31]} {[%emt 00:00:27]} 35. h4 {[%clk 00:47:12]} {[%emt 00:00:16]} h5
{[%clk 00:22:02]} {[%emt 00:00:59]} 36. f4 {[%clk 00:42:51]} {[%emt 00:04:51]}
Kf6 {[%clk 00:22:00]} {[%emt 00:00:31]} 37. b5 {[%clk 00:43:02]} {[%emt
00:00:19]} Kf5 {[%clk 00:22:18]} {[%emt 00:00:12]} 38. Kf3 {[%clk 00:43:31]}
{[%emt 00:00:02]} Bb6 {[%clk 00:22:27]} {[%emt 00:00:20]} 39. Kg3 {[%clk
00:43:28]} {[%emt 00:00:32]} Ke4 {[%clk 00:22:40]} {[%emt 00:00:18]} 40. Kg2
{[%clk 00:42:02]} {[%emt 00:01:56]} Kxf4 {[%clk 00:23:00]} {[%emt 00:00:10]} 41.
f3 {[%clk 00:42:28]} {[%emt 00:00:05]} Bc5 {[%clk 00:23:08]} {[%emt 00:00:21]}
 0-1

[Event "2nd Easter 4NCL Congress"]
[Site "Daventry"]
[Date "2022.04.16"]
[Round "3"]
[Board "11"]
[White "Thompson, Ian D"]
[Black "Southcott-Moyers, Indy"]
[Result "1/2-1/2"]
[WhiteElo "2213"]
[BlackElo "2052"]
[PlyCount "0"]
[EventDate "2022.04.15"]
[EventRounds "7"]
[EventCountry "ENG"]

1. c4 {[%clk 01:30:58]} {[%emt 00:00:01]} e5 {[%clk 01:30:50]} {[%emt
00:00:11]} 2. g3 {[%clk 01:31:12]} {[%emt 00:00:15]} c6 {[%clk 01:31:03]}
{[%emt 00:00:17]} 3. d4 {[%clk 01:30:18]} {[%emt 00:01:25]} e4 {[%clk
01:30:42]} {[%emt 00:00:50]} 4. Nc3 {[%clk 01:27:11]} {[%emt 00:03:37]} Nf6
{[%clk 01:26:39]} {[%emt 00:04:33]} 5. Bg5 {[%clk 01:26:07]} {[%emt 00:01:33]}
Bb4 {[%clk 01:20:18]} {[%emt 00:06:51]} 6. Qb3 {[%clk 01:20:09]} {[%emt
00:06:29]} Bxc3+ {[%clk 01:18:26]} {[%emt 00:02:22]} 7. Qxc3 {[%clk 01:20:23]}
{[%emt 00:00:16]} O-O {[%clk 01:14:13]} {[%emt 00:04:43]} 8. Bg2 {[%clk
01:18:43]} {[%emt 00:02:09]} d5 {[%clk 01:13:47]} {[%emt 00:00:57]} 9. f3
{[%clk 01:14:43]} {[%emt 00:04:29]} exf3 {[%clk 01:13:51]} {[%emt 00:00:27]} 10.
Nxf3 {[%clk 01:14:55]} {[%emt 00:00:18]} Ne4 {[%clk 01:12:08]} {[%emt
00:02:12]} 11. Bxd8 {[%clk 01:11:05]} {[%emt 00:04:21]} Nxc3 {[%clk 01:12:32]}
{[%emt 00:00:06]} 12. Ba5 {[%clk 01:09:32]} {[%emt 00:02:03]} Ne4 {[%clk
01:12:45]} {[%emt 00:00:17]} 13. Rc1 {[%clk 01:00:30]} {[%emt 00:09:32]} Be6
{[%clk 01:10:00]} {[%emt 00:03:15]} 14. b3 {[%emt 00:04:48]} Nd7 {[%clk
01:07:38]} 15. Nd2 {[%clk 00:53:57]} {[%emt 00:05:37]} f5 {[%clk 01:02:53]}
{[%emt 00:05:15]} 16. O-O {[%clk 00:50:49]} {[%emt 00:03:38]} Nxd2 {[%clk
00:59:37]} {[%emt 00:03:46]} 17. Bxd2 {[%clk 00:51:16]} {[%emt 00:00:03]} Nf6
{[%clk 00:59:49]} {[%emt 00:00:17]} 18. cxd5 {[%clk 00:46:58]} {[%emt
00:04:49]} Nxd5 {[%clk 01:00:03]} {[%emt 00:00:16]} 19. e4 {[%clk 00:45:49]}
{[%emt 00:01:39]} fxe4 {[%clk 00:59:49]} {[%emt 00:00:44]} 20. Bxe4 {[%clk
00:45:56]} {[%emt 00:00:22]} Nf6 {[%clk 00:58:05]} {[%emt 00:02:15]} 21. Rce1
{[%clk 00:42:02]} {[%emt 00:04:23]} Nxe4 {[%clk 00:57:10]} {[%emt 00:01:26]} 22.
Rxe4 {[%clk 00:42:17]} {[%emt 00:00:14]} Rxf1+ {[%clk 00:57:13]} {[%emt
00:00:28]} 23. Kxf1 {[%clk 00:42:44]} {[%emt 00:00:03]} Rf8+ {[%clk 00:57:26]}
{[%emt 00:00:18]} 24. Ke1 {[%clk 00:40:15]} {[%emt 00:02:58]} Bd5 {[%clk
00:57:46]} {[%emt 00:00:09]} 25. Re5 {[%clk 00:37:40]} {[%emt 00:03:05]} Kf7
{[%clk 00:57:26]} {[%emt 00:00:52]} 26. Rf5+ {[%clk 00:36:06]} {[%emt
00:02:03]} Kg8 {[%clk 00:57:01]} {[%emt 00:00:55]} 27. Rxf8+ {[%clk 00:34:48]}
{[%emt 00:01:48]}  1/2-1/2